000 00398nam a22001577a 4500
005 20241107160303.0
008 241107b |||||||| |||| 00| 0 eng d
020 _a978-93-6109-973-1
041 _aeng
100 _aBangali, J. A.
_9209040
245 _aPrinciples of Analog Electronics - I ( F.Y.B.Sc. Comp.)
250 _a1st ed.
260 _aPune
_bNirali
300 _a6.22
942 _cBK
999 _c362141
_d362141